Možný vývoj úrovně vzdělání populace České republiky do roku 2050 České republiky aneb jak se bude vyvíjet lidský kapitál

Stárnutie populácie v Českej republike. Pohľad na vývoj úrovne najvyššieho dosiahnutého vzdelania obyvateľstva v Česku. Demografický vývoj. Nezamestnanosť absolventov. Štruktúra obyvateľstva Českej republiky podľa úrovne vzdelania.

Uložené v:
Podrobná bibliografia
Hlavný autor: Fiala, Tomáš
Ďalší autori: Langhamrová, Jitka
Médium: Kapitola
Jazyk:Czech
Predmet:
Tagy: Pridať tag
Žiadne tagy, Buďte prvý, kto otaguje tento záznam!

MARC

LEADER 00000naa a2200000 4500
001 0161243
005 20220725111922.1
041 0 |a cze 
044 |a CZ 
245 1 0 |a Možný vývoj úrovně vzdělání populace České republiky do roku 2050 České republiky aneb jak se bude vyvíjet lidský kapitál  |c Tomáš Fiala, Jitka Langhamrová 
520 |a Stárnutie populácie v Českej republike. Pohľad na vývoj úrovne najvyššieho dosiahnutého vzdelania obyvateľstva v Česku. Demografický vývoj. Nezamestnanosť absolventov. Štruktúra obyvateľstva Českej republiky podľa úrovne vzdelania. 
610 2 0 |a kapitál ľudský 
610 2 0 |a Česko 
610 2 0 |a vzdelanie 
610 2 0 |a nezamestnanosť 
610 2 0 |a absolventi 
610 2 0 |a vývoj populačný 
610 2 0 |a demografia sociálna 
100 1 |a Fiala, Tomáš 
700 1 |a Langhamrová, Jitka